000 01258nam0a22002771 4500
001 rc\4404846
005 20260409062733.0
021 _aRU
_b(61-41078)
021 _aRU
_bРг6634
035 _a(NLR Aleph) 008300140
090 _a8630829
_c8630829
100 _a20130416d1961 |||y0rusy50 ca
101 0 _arus
102 _aRU
105 _aa z |||||
200 1 _aДоильная установка УДЕ-16Р
_eКомплект оборудования для стационарных доильных площадок типа "елочка"
_eУстройство, сборка, эксплуатация, уход
_fРСФСР. Совет нар. хозяйства Рязан. экон. адм. района. Рязан. завод тепловых приборов
210 _aРязань
_cРязан. совнархоз
_d1961
215 _a25 с., 23 л. черт.
_d31
311 _aПрил.: Паспорт., [1961
421 0 _11010#$arus
_12001#$aПаспорт
_1210##$d[1961
_1215##$a4] с.
_tПаспорт
712 0 2 _aРязанский завод тепловых приборов
_3RU\NLR\AUTH\8810211641
_9310409
801 0 _aRU
_bNLR
_gpsbo
801 1 _aRU
_bELAR
_2rusmarc
852 _aNLR
_j61-9/145
942 _cBOOK
980 _aNB